Aplikácia moderných trendov marketingu vo vybranom podniku diplomová práca

Enregistré dans:
Détails bibliographiques
Auteur principal: Hajko, Adam
Collectivité auteur: Fakulta podnikového manažmentu EU. Katedra podnikovohospodárska
Autres auteurs: Hrušovská, Dana, 1964-
Format: Livre
Langue:slovaque
Publié: Bratislava 2023
Tags: Ajouter un tag
Pas de tags, Soyez le premier à ajouter un tag!

MARC

LEADER 00000nbm a2200000 4500
001 0293521
005 20240219145135.5
041 0 |a slo 
044 |a SK 
245 1 0 |a Aplikácia moderných trendov marketingu vo vybranom podniku  |b diplomová práca  |c Adam Hajko ; školiteľ: Dana Hrušovská 
264 1 |a Bratislava  |c 2023 
300 |a 71 s. 
100 1 |a Hajko, Adam 
700 1 |a Hrušovská, Dana, 1964- 
710 2 |a Fakulta podnikového manažmentu EU. Katedra podnikovohospodárska